000 00873cam a2200253 a 4500
001 1423531
005 20241025125437.0
008 840314s1984 caua b 001 0 eng
020 _a0875896057 (alk. paper)
050 0 0 _aRC455.2.C65
_bP37 1984
082 0 0 _a616.89
_219
100 1 _aParsons, Richard D.
245 1 0 _aDeveloping consultation skills /
_cRichard Dean Parsons, Joel Meyers.
250 _a1st ed.
260 _aSan Francisco :
_bJossey-Bass Publishers,
_c1984.
300 _axxii, 257 p. :
_bill. ;
_c24 cm.
440 4 _aThe Jossey-Bass social and behavioral science series
500 _a"A guide to training, development, and assessment for human services professionals"--Half-title p.
500 _aIncludes index.
650 0 _aPsychiatric consultation.
650 0 _aMental illness
_xPrevention.
700 1 _aMeyers, Joel.
942 _2lcc
_cBK
_n0
999 _c191
_d191